000 00987namaa2200313 i 4500
003 EG-GICUC
005 20260103115303.0
008 251222s2008 nyu||||gr|||| 000 0 eng d
020 _a1930733062
040 _aEG-GiCUC
_beng
_cEG-GiCUC
_dEG-GiCUC
_erda
082 0 4 _221
_a081
_bR5724 2008
092 0 4 _221
_a081
_bR5724 2008
099 _a081 R5724 2008
100 1 _aRihani, Ameen Fares,
_d1876-1940
_eAuthor.
245 1 4 _aThe path of vision :
_bessays of East and West /
_cAmeen F. Rihani ; edited by Mary Angela Willis.
250 _aFourth edition.
264 _aWashinghon :
_bplatform International,
_c2008.
300 _a112 pages ;
_c24 cm
336 _2rdacontent
_atext
337 _2rdamedia
_aUnmediated
338 _2rdacarrier
_avolume
500 _aReprint of the 1921 ed.
504 _a.
541 _aDr. Jabir Usfour ;
_bCairo ;
_cGift ;
_d2024.
650 1 _aArabic Articles.
_2qrmak
651 1 _2qrmak
905 _aAsmaa
942 _2ddc
_cBK
_e21
_n0
999 _c176919
_d176919